| 000 | 01141cam a2200313 a 4500 | ||
|---|---|---|---|
| 001 | 4792659 | ||
| 003 | ARRUPE | ||
| 005 | 20170124114842.0 | ||
| 008 | 870624s1985 stk 000 0 eng | ||
| 010 | _a 87151012 | ||
| 020 | _z0567300602 (pbk.) | ||
| 040 |
_aDLC _cDLC _dDLC |
||
| 050 | 0 | 0 | _aBX1746.T39 |
| 082 | 0 | 0 |
_a262/.8 _219 |
| 100 |
_aJohann Baptist Metz _928467 |
||
| 245 | 0 | 4 |
_aThe Teaching authority of Believers / _cedited by Johann Baptist Metz and Edward Schillebeeckx ; English language editor, Marcus Lefébure. |
| 260 |
_aEdinburgh : _bT. & T. Clark, _cc1985 _g(1986 printing) |
||
| 300 |
_axi, 94 p. ; _c22 cm. |
||
| 490 | 1 |
_aConcilium, _x0010-5236 ; _v180 |
|
| 610 | 2 | 0 |
_aCatholic Church _xTeaching office. _9775 |
| 650 | 0 |
_aPeople of God. _928468 |
|
| 650 | 0 |
_aAuthority _xReligious aspects _xCatholic Church. _911074 |
|
| 700 | 1 |
_aMetz, Johannes Baptist, _d1928- _928469 |
|
| 700 | 1 |
_aSchillebeeckx, Edward, _d1914-2009. _9774 |
|
| 830 | 0 |
_aConcilium (Glen Rock, N.J.) ; _vv. 180. _928470 |
|
| 906 |
_a7 _bcbc _corignew _d3 _encip _f19 _gy-gencatlg |
||
| 942 |
_2lcc _cMONOGRAPH |
||
| 999 |
_c126007 _d126007 |
||